01272nam a22003257a 4500003000500000005001700005008004100022010001000063011001000073035001000083040000900093090001000102100003500112245017100147260003800318300003000356502009500386590003700481590004100518590004100559590004100600590004200641650003200683650003500715901000700750942001000757949003500767999001700802952012700819CHAP20220329135326.0971013s1976 r 00010 d a34429 a35401 a39517 cCHAP aTesis00aMeneses Calva, Edmundo.974789 aInforme del servicio social sobre el programa de zootecnia del Instituto Nacional Indigenista, realizado en la reservación de la tribu yaqui, en el estado de Sonora aMéxico, D.F. :bEl autor,c1976 a69 h.b; gráfs. ; mapas aTesis (Médico Veterinario Zootecnista) -- UNAM. Fac. de Medicina Veterinaria y Zootecnia aALEPHb10c20130110lUCH01h1300 aBATCH-UPDb10c20130110lUCH01h2007 aBATCH-UPDb10c20130410lUCH01h1327 aBATCH-UPDb10c20130914lUCH01h1457 aCONVERSIONb10c20130109lUCH01h131914aGanaderíaxSonora.94485114aServicio social rural.9105320 aBK cTESIS bBCcTESd-90127eTS1i39517si c34429d34429 00102local4051708TESISaBCbBCcPA_TESISd2012-12-17fTESISl0oTesisp-90127r2019-12-31 00:00:00w2019-12-31yTESIS